Arrebatos verbales : (Record no. 193298)

MARC details
000 -LEADER
campo de control de longitud fija 02810nam a2200505 i 4500
001 - NÚMERO DE CONTROL
campo de control 193298
003 - IDENTIFICADOR DE NÚMERO DE CONTROL
campo de control SpMaBN
005 - FECHA Y HORA DE LA ÚLTIMA TRANSACCIÓN
campo de control 20251215173953.0
007 - CAMPO FIJO DE DESCRIPCIÓN FÍSICA--INFORMACIÓN GENERAL
campo de control de longitud fija ta
008 - DATOS DE LONGITUD FIJA--INFORMACIÓN GENERAL
campo de control de longitud fija 231031s2022 sp | |||| 001 m spa
017 ## - NÚMERO DE COPYRIGHT O DE DEPÓSITO LEGAL
Número de copyright o de depósito legal B 19403-2013
Agencia que asigna Oficina Depósito Legal Barcelona
020 ## - NÚMERO INTERNACIONAL ESTÁNDAR DEL LIBRO
Número Internacional Estándar del Libro 9788490325339
035 ## - NÚMERO DE CONTROL DEL SISTEMA
Número de control de sistema (OCoLC)864195528
035 ## - NÚMERO DE CONTROL DEL SISTEMA
Número de control de sistema a5430433
040 ## - FUENTE DE CATALOGACIÓN
Centro catalogador/agencia de origen SpMaBN
Lengua de catalogación spa
Centro/agencia transcriptor SpMaBN
Normas de descripción rdc
Centro/agencia modificador ES-MaACL
080 ## - NÚMERO DE LA CLASIFICACIÓN DECIMAL UNIVERSAL
Número de la Clasificación Decimal Universal 821.112.2-82"19"
100 0# - ENTRADA PRINCIPAL--NOMBRE DE PERSONA
Nombre de persona Canetti, Elias,
Fechas asociadas al nombre 1905-1994
Número de control del registro de autoridad o número normalizado XX1721211
9 (RLIN) 34493
Término indicativo de función/relación Autor
245 10 - MENCIÓN DEL TÍTULO
Título Arrebatos verbales :
Resto del título dramas, ensayos, discursos y conversaciones /
Mención de responsabilidad, etc. Elias Canetti ; edición de Juan José del Solar, Ignacio Echevarría ; prólogo de Ignacio Echevarría ; traducción de Juan José del Solar, Adan Kovacsics, Carlos Fortea, José Manuel de Prada Samper<br/>
250 ## - MENCION DE EDICION
Mención de edición Segunda reimpresión: octubre de 2022
260 ## - PUBLICACIÓN, DISTRIBUCIÓN, ETC.
Lugar de publicación, distribución, etc. [Barcelona] :
Nombre del editor, distribuidor, etc. Debolsillo,
Fecha de publicación, distribución, etc. 2022
300 ## - DESCRIPCIÓN FÍSICA
Extensión XX, 881 páginas ;
Dimensiones 19 cm
336 ## - TIPO DE CONTENIDO
Término de tipo de contenido Texto (visual)
Fuente isbdcontent
337 ## - TIPO DE MEDIO
Nombre/término del tipo de medio sin mediación
Fuente isbdmedia
338 ## - TIPO DE SOPORTE
Fuente rdacarrier
Nombre/término del tipo de soporte volumen
490 0# - MENCIÓN DE SERIE
Mención de serie Obra completa ;
Designación de volumen o secuencia 9
490 1# - MENCIÓN DE SERIE
Mención de serie Contemporánea
500 ## - NOTA GENERAL
Nota general Índice de nombres
505 0# - NOTA DE CONTENIDO CON FORMATO
Nota de contenido con formato Teatro: La boda (1932) ; Comedia de la vanidad: drama en tres partes (1933) ; Los emplazados (1952) - La conciencia de las palabras - Miscelánea: artículos, discursos y piezas sueltas
520 ## - RESUMEN, ETC.
Sumario, etc. De sus tres dramas, recogidos en este volumen, Canetti dijo que eran «en lo más íntimo» el centro de su obra, que según él no puede ser entendida realmente sin ellos. En cuanto a los ensayos, discursos y conversaciones también reunidos aquí, constituyen la mejor vía de acceso a la obra de Canetti, quien reflexiona en ellos sobre la profesión de escritor, sobre sus propios libros y sobre los de sus maestros (Confucio, Büchner, Tolstoi, Broch, Kraus, Kafka, entre tantos otros), y perfila con agudeza y claridad ejemplares sus experiencias, sus obsesiones y sus más arraigadas convicciones
586 ## - NOTA DE PREMIOS
Nota de premios Premio Nobel de Literatura
700 1# - ENTRADA AGREGADA--NOMBRE PERSONAL
Nombre de persona Solar, Juan José del,
Fechas asociadas al nombre 1946-
Término indicativo de función/relación Editor literario
-- Traductor
9 (RLIN) 107098
700 1# - ENTRADA AGREGADA--NOMBRE PERSONAL
Nombre de persona Echevarría, Ignacio,
Fechas asociadas al nombre 1960-
Término indicativo de función/relación Editor literario
-- Autor de introducción
9 (RLIN) 46542
700 1# - ENTRADA AGREGADA--NOMBRE PERSONAL
Nombre de persona Kovacsics, Adan
9 (RLIN) 68670
Término indicativo de función/relación Traductor
700 1# - ENTRADA AGREGADA--NOMBRE PERSONAL
Nombre de persona Fortea, Carlos,
Fechas asociadas al nombre 1963-
Término indicativo de función/relación Traductor
9 (RLIN) 51844
700 1# - ENTRADA AGREGADA--NOMBRE PERSONAL
Nombre de persona Prada, José Manuel de,
Fechas asociadas al nombre 1963-
Término indicativo de función/relación Traductor
9 (RLIN) 234504
830 ## - PUNTO DE ACCESO ADICIONAL DE SERIE-TÍTULO UNIFORME
Título uniforme DeBolsillo Contemporánea
9 (RLIN) 234429
852 ## - LOCALIZACIÓN
Ubicación ES-MaACL
itemnumber 200737
Sublocalización o colección R.154715
Número de control de estantería N-9489
Ubicación en estantería Depósito J
Donativo/Legado Donación: Carlos Fortea
Encuadernación Encuadernación rústica
903 ## - NOMBRE PERSONAL DE DONANTE
a Fortea, Carlos,
d 1963-
e Donante
9 51844
942 ## - ELEMENTOS DE ENTRADA SECUNDARIOS (KOHA)
Suprimir en OPAC No
Tipo de ítem Koha Libro impreso
Holdings
Estatus retirado Estado de pérdida Fuente del sistema de clasificación o colocación Estado de daño No para préstamo Biblioteca de origen Biblioteca actual Ubicación en estantería Fecha de adquisición Fuente de adquisición Número de control de estantería Total de préstamos Signatura topográfica completa Código de barras Visto por última vez Precio de reemplazo Tipo de ítem Koha
    Clasificación decimal universal     Biblioteca del Ateneo de Madrid Biblioteca del Ateneo de Madrid Depósito J 31/10/2023 Donación Ateneísta   N-9489 101206026 31/10/2023 31/10/2023 Libro impreso